000 00556nam a2200241 a 4500
001 nice12345678
003 IN_TiNIC
005 20260116011300.0
008 050524s1952 lona grp 000 0 eng
020 _a
_c100
082 0 0 _a121.68
_bBUL
100 _aBultmann, R
245 _aGnosis
260 _aLondon
_bAdam and Charles Black
_c1952
300 _a67p
500 _aincludes index and biblioraphy
505 2 _aIndex
650 _aKnowledge-Theory of Islam
700 1 _aBultmann, R
902 _bSRS
942 _cBK
999 _c159
_d159